[Event "Catalunya-chT Gp2"]
[Site "Barcelona"]
[Date "2017.01.21"]
[Round "1.10"]
[White "Avila Jimenez, Xavier"]
[Black "Llach Mascaro, Josep Maria"]
[Result "1-0"]
[WhiteElo "2177"]
[BlackElo "1947"]
[PlyCount "87"]
[EventDate "2017.01.21"]
[EventType "team-tourn"]
[EventRounds "7"]
[EventCountry "ESP"]
[SourceTitle "CBM 176 Extra"]
[Source "ChessBase"]
[SourceDate "2017.03.02"]
[SourceVersion "1"]
[SourceVersionDate "2017.03.02"]
[SourceQuality "1"]
[WhiteTeam "Barcelona Escola Escacs"]
[BlackTeam "Banyoles"]
[WhiteTeamCountry "ESP"]
[BlackTeamCountry "ESP"]

1. d4 c5 2. d5 Nf6 3. c4 b5 4. Qc2 bxc4 5. e4 d6 6. Nc3 g6 7. Bxc4 Bg7 8. Nf3 Nbd7 9. h3 0-0 10. 0-0 Nb6 11. Be2 Nfd7 12. Rd1 f6 13. Be3 Ne5 14. Nd2 Bd7 15. f4 Nf7 16. Nf3 Qc8 17. g4 Bh6 18. Qd2 Na4 19. Rac1 Rb8 20. Nxa4 Bxa4 21. Rf1 Bd7 22. Rf2 Qb7 23. Bc4 Qb4 24. Qd3 Bg7 25. Rg2 Bb5 26. h4 Bxc4 27. Rxc4 Qa5 28. b3 h6 29. e5 fxe5 30. Qxg6 exf4 31. Bd2 Qc7 32. g5 h5 33. Qxh5 Ne5 34. g6 Nxf3+ 35. Qxf3 Bd4+ 36. Kh2 e5 37. dxe6 Qe7 38. Rxd4 Qxh4+ 39. Kg1 cxd4 40. Qd5 Qe7 41. g7 Rfe8 42. Rg6 Qh4 43. e7+ Kh7 44. Qf5 1-0

[Event "Girona-ch Seniors"]
[Site "Santa Eugenia"]
[Date "2016.??.??"]
[Round "2.4"]
[White "Camps Torrents, Josep"]
[Black "Llach Mascaro, Josep Maria"]
[Result "0-1"]
[WhiteElo "1652"]
[BlackElo "2066"]
[PlyCount "39"]
[EventDate "2016.02.02"]
[EventType "swiss"]
[EventRounds "6"]
[EventCountry "ESP"]
[SourceTitle "EXT 2024"]
[Source "ChessBase"]
[SourceDate "2023.10.10"]
[SourceVersion "1"]
[SourceVersionDate "2023.10.10"]
[SourceQuality "1"]

1. e4 c5 2. Nf3 g6 3. d3 Bg7 4. Bd2 Bxb2 5. Bc3 Bxa1 6. Bxa1 Nf6 7. Ng5 0-0 8. Bxf6 exf6 9. Nf3 Nc6 10. d4 Qa5+ 11. c3 Qxa2 12. dxc5 b6 13. cxb6 Rb8 14. bxa7 Nxa7 15. Nfd2 d5 16. exd5 Bf5 17. Bc4 Rfe8+ 18. Kf1 Rxb1 19. Nxb1 Qxc4+ 20. Kg1 0-1

[Event "Girona-ch Seniors"]
[Site "Girona"]
[Date "2015.??.??"]
[Round "2.2"]
[White "Llach Mascaro, Josep Maria"]
[Black "Carraminana Puig, Jordi"]
[Result "1-0"]
[WhiteElo "2062"]
[BlackElo "1912"]
[PlyCount "100"]
[EventDate "2015.02.10"]
[EventType "tourn"]
[EventRounds "6"]
[EventCountry "ESP"]
[SourceTitle "EXT 2024"]
[Source "ChessBase"]
[SourceDate "2023.10.10"]
[SourceVersion "1"]
[SourceVersionDate "2023.10.10"]
[SourceQuality "1"]

1. e4 e6 2. Nf3 c5 3. d4 cxd4 4. c3 Nc6 5. Nxd4 Nf6 6. Nxc6 bxc6 7. Bd3 e5 8. 0-0 Bc5 9. b4 Be7 10. a4 a6 11. Qe2 0-0 12. Na3 Re8 13. Nc4 Qc7 14. f4 d5 15. Nxe5 Bd6 16. exd5 Nxd5 17. Re1 g6 18. Qc2 Bxe5 19. fxe5 Rxe5 20. Rxe5 Qxe5 21. Bd2 Bb7 22. Re1 Qc7 23. Kh1 Rc8 24. c4 Nf4 25. Bxf4 Qxf4 26. Re7 Ba8 27. Re4 Qf6 28. Re1 Qd4 29. h3 c5 30. b5 axb5 31. axb5 Rd8 32. Bf1 Qh4 33. Qc3 g5 34. Kh2 Qf4+ 35. Qg3 Qd2 36. Re3 h6 37. Qe1 Qd6+ 38. Kh1 Kf8 39. Qc3 Kg8 40. Qe1 Kf8 41. Qc3 Kg8 42. Qe5 Qf8 43. Bd3 Bb7 44. Qf5 Qg7 45. Qxc5 g4 46. Rg3 Bc8 47. Bf5 Qa1+ 48. Kh2 h5 49. Bxc8 Rd1 50. Re3 Rh1+ 1-0